| 000 | 00717nam a22002417a 4500 | ||
|---|---|---|---|
| 005 | 20170124105916.0 | ||
| 010 | _aA-226963 | ||
| 020 | _c20.00 | ||
| 035 | _aA-226963 | ||
| 037 | _bCen Lib/Ret | ||
| 040 |
_aDPL _bEN |
||
| 082 | _a027.8 | ||
| 100 |
_aTrehan, G. L. _92682 |
||
| 245 |
_aSchool library management / _cby G. L. Trehan [and] I. V. Malhan |
||
| 260 |
_aNew Delhi _bSterling Publishers _c1980 |
||
| 270 |
_bNew Delhi _aAB/9 Safdarjang Enclave _e110016 |
||
| 300 |
_axv, 260p. _c22cm(pbk) |
||
| 500 | _aIncludes appendix and index | ||
| 650 |
_aLibrary Science _9105198 |
||
| 650 |
_aLibrary management _9105199 |
||
| 700 |
_aMalhan, I. V. _92687 |
||
| 942 |
_2ddc _cEN _h027.8 _mTRE |
||
| 999 |
_c122851 _d122851 |
||